000 00683nam a2200253Ia 4500
008 171120s9999 xx 000 0 und d
020 _a9.7818483716e+012
050 _a525
050 _bG371 2012
100 _aGerlings, Rebecca
245 _aQuestions and answers about planet Earth /
245 _cby Rebecca Gerlings and Alex Woolf.
260 _aLondon :
260 _bArcturus Publishing Limited,
260 _c2012
300 _a30 pages :
300 _bcolored illustrations ;
300 _c25cm.
500 _aIncludes index.
650 _aEarth (Planet).
650 _xMiscellanea -- Juvenile literature.
700 _aTitle.
700 _aWoolf, Alex.
999 _c345048
_d345048